Mantenimiento y restauración de la balanza de los pagos internacionales

Salvato in:
Dettagli Bibliografici
Autori principali: Fellner, William (Autore), Triffin, Robert (Autore)
Altri autori: Machlup, Fritz (autor)
Natura: Libro
Lingua:spagnolo
Pubblicazione: Barcelona Gustavo Gili 1969
Serie:Ciencia Económica
Soggetti:
Tags: Aggiungi Tag
Nessun Tag, puoi essere il primo ad aggiungerne!!

MARC

LEADER 00000nam a2200000 a 4500
001 UCS2854
003 CL-VaPUC
008 970606e19690000SP |||||||||||||||||spa|d
082 0 4 |a 382.17  |b FEL  |2 21 
100 0 |a Fellner, William  |e author  |9 388732 
700 |a Machlup, Fritz  |e autor  |9 388733 
700 0 |a Triffin, Robert  |e author  |9 388734 
245 1 0 |a Mantenimiento y restauración de la balanza de los pagos internacionales 
300 |a 306 p 
942 |c BK 
945 |d 19970606 00:00:00  |a lriquelm 
260 |a Barcelona  |b Gustavo Gili  |c 1969 
650 7 |a COMERCIO INTERNACIONAL  |2 CL-VaPUC  |9 388735 
650 0 |a Balanza de pagos  |9 316476 
650 0 |a Política económica   |9 255029 
650 0 |a Política monetaria  |9 258279 
650 0 |a Análisis económico  |9 259939 
583 |a last modification  |c 19970606 00:00:00  |k Rodrigo Vera 
490 0 |a Ciencia Económica 
999 |c 260783  |d 260781 
952 |0 0  |1 0  |4 0  |6 382_170000000000000_FEL_1969  |7 0  |8 P  |9 287123  |a BIBDER  |b BIBDER  |d 2019-11-19  |i 1865080  |o 382.17 FEL 1969  |p 1865080  |r 2023-01-25  |w 2019-11-19  |y BK  |k DER